See how they grow : (Record no. 4573)

MARC details
000 -LEADER
fixed length control field 00658nam a22002057a 4500
003 - CONTROL NUMBER IDENTIFIER
control field OSt
005 - DATE AND TIME OF LATEST TRANSACTION
control field 20160630145358.0
008 - FIXED-LENGTH DATA ELEMENTS--GENERAL INFORMATION
fixed length control field 160630b xxu||||| |||| 00| 0 eng d
020 ## - INTERNATIONAL STANDARD BOOK NUMBER
International Standard Book Number 0333419693
040 ## - CATALOGING SOURCE
Transcribing agency 040a
082 ## - DEWEY DECIMAL CLASSIFICATION NUMBER
Classification number WA 320
Item number M827s
100 ## - MAIN ENTRY--PERSONAL NAME
Personal name Morley, David
9 (RLIN) 9799
245 ## - TITLE STATEMENT
Title See how they grow :
Remainder of title monitoring child growth for appropriate health care in developing countries /
Statement of responsibility, etc. David Morley, Margaret Woodland
260 ## - PUBLICATION, DISTRIBUTION, ETC. (IMPRINT)
Place of publication, distribution, etc. London
Name of publisher, distributor, etc. Macmillan
Date of publication, distribution, etc. 1979
300 ## - PHYSICAL DESCRIPTION
Extent x, 265p;
Other physical details ill :
Dimensions 11 cm.
504 ## - BIBLIOGRAPHY, ETC. NOTE
Bibliography, etc Includes bibliographical references and index
650 ## - SUBJECT ADDED ENTRY--TOPICAL TERM
Topical term or geographic name as entry element Child growth
9 (RLIN) 9800
700 ## - ADDED ENTRY--PERSONAL NAME
Personal name Woodland, Margaret
9 (RLIN) 9801
942 ## - ADDED ENTRY ELEMENTS (KOHA)
Source of classification or shelving scheme Other/Generic Classification Scheme
Koha item type Open Shelf
Holdings
Withdrawn status Lost status Source of classification or shelving scheme Damaged status Not for loan Home library Current library Date acquired Source of acquisition Inventory number Total Checkouts Full call number Barcode Date last seen Price effective from Koha item type
    Other/Generic Classification Scheme     MUST Main Library MUST Main Library 30/06/2016   2522   WA 320 M827s 2016-2890 30/06/2016 30/06/2016 Open Shelf
    Other/Generic Classification Scheme     MUST Main Library MUST Main Library 30/06/2016   2521   WA 320 M827s 2016-2891 30/06/2016 30/06/2016 Open Shelf
    Other/Generic Classification Scheme     MUST Main Library MUST Main Library 30/06/2016   2520   WA 320 M827s 2016-2892 30/06/2016 30/06/2016 Open Shelf
    Other/Generic Classification Scheme     MUST Main Library MUST Main Library 30/06/2016   1993/2520   WA 320 M827s 2016-2893 30/06/2016 30/06/2016 Open Shelf
    Other/Generic Classification Scheme     MUST Main Library MUST Main Library 30/06/2016   2523   WA 320 M827s 2016-2894 30/06/2016 30/06/2016 Open Shelf
    Other/Generic Classification Scheme     MUST Main Library MUST Main Library 30/06/2016   2519   WA 320 M827s 2016-2895 30/06/2016 30/06/2016 Open Shelf
    Other/Generic Classification Scheme     MUST Main Library MUST Main Library 30/06/2016   2517   WA 320 M827s 2016-2896 30/06/2016 30/06/2016 Open Shelf
    Other/Generic Classification Scheme     MUST Main Library MUST Main Library 30/06/2016   2518   WA 320 M827s 2016-2897 30/06/2016 30/06/2016 Open Shelf
    Other/Generic Classification Scheme     MUST Main Library MUST Main Library 30/06/2016   2516   WA 320 M827s 2016-2898 30/06/2016 30/06/2016 Open Shelf